The Duke of Newcastle /

Bibliographic Details
Main Author: Browning, Reed
Format: Book
Language:English
Published: New Haven : Yale University Press, 1975.
Subjects:

MARC

Tag First Indicator Second Indicator Subfields
LEADER 00000cam a2200000 i 4500
001 in00000302829
005 20151010095829.0
008 750401s1975 ctuc b 00110beng
010 |a  74077597  
020 |a 0300017464 :  |c $20.00 
035 |a (OCoLC)01251841 
035 |9 ABH0908AM 
040 |a DLC  |c DLC  |d TXA  |d UtOrBLW 
049 |a TXAM  |c [1152112] 
050 0 0 |a DA501.N5  |b B76 
082 0 |a 941.07/2/0924  |a B 
100 1 |a Browning, Reed. 
245 1 4 |a The Duke of Newcastle /  |c Reed Browning. 
264 1 |a New Haven :  |b Yale University Press,  |c 1975. 
300 |a xiv, 388 pages :  |b portrait ;  |c 24 cm. 
336 |a text  |b txt  |2 rdacontent 
337 |a unmediated  |b n  |2 rdamedia 
338 |a volume  |b nc  |2 rdacarrier 
500 |a Includes index. 
504 |a Bibliography: pages 355-371. 
600 1 0 |a Newcastle, Thomas Pelham-Holles,  |c Duke of,  |d 1693-1768. 
999 |a MARS 
999 f f |s 4e7cedb0-668c-35f9-90f6-8edbbb933f8e  |i 9330217e-f36b-3ebf-9836-71832ea07cc1  |t 0 
952 f f |p ric  |a Texas A&M University  |b Rellis Campus  |c Joint Library Facility  |d Remote Storage  |t 0  |e DA501.N5 B76  |h Library of Congress classification  |i unmediated -- volume  |m A14801927684 
998 f f |a DA501.N5 B76  |t 0  |l Remote Storage